[Event "LSS SA-2008-0-00034"]
[Site "LSS email"]
[Date "2008.10.29"]
[Round "?"]
[White "Dunwoody, Murray L"]
[Black "Zuccotti Bozzano, Marianella"]
[Result "1-0"]
[WhiteElo "2231"]
[BlackElo "2018"]
[PlyCount "63"]
[EventDate "2008.10.26"]
[EventType "tourn (corr)"]
[EventRounds "6"]
[EventCountry "GER"]
[SourceTitle "Corr 2011"]
[Source "ChessBase"]
[SourceDate "2010.08.31"]
[SourceVersion "1"]
[SourceVersionDate "2010.08.31"]
[SourceQuality "1"]

1. e4 c5 2. Nf3 d6 3. d4 cxd4 4. Nxd4 Nf6 5. Nc3 a6 6. Be3 e6 7. Bd3 e5 8. Nb3 Be7 9. 0-0 0-0 10. f3 h6 11. Be2 Be6 12. Nd5 Nxd5 13. exd5 Bf5 14. f4 e4 15. Nd4 Bh7 16. a4 Nd7 17. a5 Rc8 18. Qd2 Qc7 19. Ra3 Nf6 20. c4 Bg6 21. f5 Bh7 22. Bf4 Rfe8 23. Rg3 Kh8 24. b4 Bf8 25. Re3 Qd7 26. g4 Qd8 27. g5 hxg5 28. Bxg5 Be7 29. Rh3 Kg8 30. Qe1 Kf8 31. Ne6+ fxe6 32. fxe6 1-0

[Event "LSS SA-2008-0-00034"]
[Site "LSS email"]
[Date "2008.10.29"]
[Round "?"]
[White "Zuccotti Bozzano, Marianella"]
[Black "Ortiz, Manuel"]
[Result "0-1"]
[WhiteElo "2013"]
[BlackElo "2230"]
[PlyCount "102"]
[EventDate "2008.10.26"]
[EventType "tourn (corr)"]
[EventRounds "6"]
[EventCountry "GER"]
[SourceTitle "Corr 2011"]
[Source "ChessBase"]
[SourceDate "2010.08.31"]
[SourceVersion "1"]
[SourceVersionDate "2010.08.31"]
[SourceQuality "1"]

1. d4 e6 2. Nf3 Nf6 3. c4 b6 4. g3 Ba6 5. b3 Bb4+ 6. Bd2 Be7 7. Bg2 c6 8. Bc3 d5 9. Ne5 Nfd7 10. Nxd7 Nxd7 11. Nd2 0-0 12. 0-0 f5 13. Re1 Rc8 14. a4 Nf6 15. a5 b5 16. c5 Ne4 17. Nxe4 fxe4 18. Bh3 Rf6 19. b4 Qe8 20. f3 Qh5 21. Bg4 Qg6 22. Bd2 Bd8 23. Bh3 Bc7 24. Bg2 Bxg3 25. hxg3 Qxg3 26. Rf1 Rg6 27. Rf2 Rf8 28. Be3 Rf5 29. Kf1 Qh2 30. f4 Rh5 31. Ke1 Rxg2 32. Rxg2 Qxg2 33. Kd2 Rh2 34. Bg1 Rh1 35. Qf1 e3+ 36. Kxe3 Qg3+ 37. Kd2 h5 38. Kc2 Bc8 39. Kb2 Rh3 40. e3 Rh1 41. Rc1 h4 42. Qf2 Qxf2+ 43. Bxf2 Rh2 44. Rc2 Kf7 45. Kc3 Kf6 46. Kd3 Kf5 47. Re2 Rh1 48. a6 h3 49. Bg3 Ra1 50. Be1 Ra3+ 51. Bc3 Kg4 0-1

[Event "LSS BI-2008-P-00019"]
[Site "LSS email"]
[Date "2008.04.27"]
[Round "?"]
[White "Trani, Francesco"]
[Black "Zuccotti Bozzano, Marianella"]
[Result "1/2-1/2"]
[WhiteElo "1982"]
[BlackElo "1977"]
[PlyCount "71"]
[EventDate "2008.04.27"]
[EventType "tourn (corr)"]
[EventRounds "10"]
[EventCountry "GER"]
[SourceTitle "Corr 2013"]
[Source "ChessBase"]
[SourceDate "2012.11.12"]
[SourceVersion "1"]
[SourceVersionDate "2012.11.12"]
[SourceQuality "1"]
[WhiteTeam "US of America"]
[BlackTeam "US of America"]
[WhiteTeamCountry "USA"]
[BlackTeamCountry "USA"]

1. e4 c6 2. d4 d5 3. Nc3 dxe4 4. Nxe4 Nd7 5. Ng5 Ngf6 6. Bd3 e6 7. N1f3 Bd6 8. 0-0 h6 9. Ne4 Nxe4 10. Bxe4 Qc7 11. c4 c5 12. dxc5 Bxc5 13. a3 0-0 14. b4 Be7 15. Qe2 Nf6 16. Bb2 Nxe4 17. Qxe4 f6 18. c5 e5 19. Qc4+ Rf7 20. Rfe1 Qc6 21. Nd4 Qd7 22. Nb5 a6 23. Nc3 Qc6 24. f4 Be6 25. Qe2 Re8 26. fxe5 fxe5 27. Qe4 a5 28. Qxc6 bxc6 29. Ne4 axb4 30. axb4 Bd5 31. Nd6 Bxd6 32. cxd6 e4 33. Bd4 Ref8 34. h3 g5 35. Bc5 Kh7 36. Red1 1/2-1/2

[Event "LSS BI-2008-P-00019"]
[Site "LSS email"]
[Date "2008.04.27"]
[Round "?"]
[White "Zuccotti Bozzano, Marianella"]
[Black "Tyutyunnik, Roman"]
[Result "1/2-1/2"]
[WhiteElo "1977"]
[BlackElo "1915"]
[PlyCount "117"]
[EventDate "2008.04.27"]
[EventType "tourn (corr)"]
[EventRounds "10"]
[EventCountry "GER"]
[SourceTitle "Corr 2013"]
[Source "ChessBase"]
[SourceDate "2012.11.12"]
[SourceVersion "1"]
[SourceVersionDate "2012.11.12"]
[SourceQuality "1"]
[WhiteTeam "US of America"]
[BlackTeam "US of America"]
[WhiteTeamCountry "USA"]
[BlackTeamCountry "USA"]

1. e4 c5 2. Nf3 Nc6 3. Bb5 a6 4. Bxc6 dxc6 5. 0-0 Bg4 6. h3 Bh5 7. d3 e6 8. Be3 Nf6 9. Nbd2 Qc7 10. a4 Be7 11. Qe2 0-0 12. a5 Nd7 13. Nc4 Rad8 14. Bd2 Qb8 15. Bc3 f6 16. Rae1 Qf4 17. g4 Bf7 18. Kg2 Qc7 19. e5 Kh8 20. exf6 Bxf6 21. Qd2 e5 22. Nfxe5 Bd5+ 23. Kg1 Nxe5 24. Bxe5 Qf7 25. Nd6 Qe6 26. Nxb7 Bxe5 27. Nxd8 Qd6 28. Rxe5 Qxe5 29. c4 Rxd8 30. Re1 Qd6 31. cxd5 cxd5 32. Qe3 Rf8 33. Qe7 Qf4 34. Qxc5 d4 35. Rf1 Rb8 36. b4 h6 37. Rb1 Rf8 38. Rb2 Qf3 39. Qxd4 Re8 40. Rb1 Qxh3 41. b5 axb5 42. a6 Qf3 43. Rc1 b4 44. Qxb4 Rf8 45. Qd4 Rf4 46. Qe3 Rxg4+ 47. Kf1 Qh1+ 48. Ke2 Qh5 49. Qf3 Qe5+ 50. Kf1 Ra4 51. Qc6 Ra2 52. Qe4 Qxe4 53. dxe4 Rxa6 54. Kg2 Kh7 55. f4 Ra3 56. f5 Re3 57. Rc4 h5 58. Kf2 Ra3 59. e5 1/2-1/2